Pokémon - Les attaques de Lançargot - Statistiques

Statistiques générales
  • Ce quiz a été pris 12 fois
  • Le résultat moyen est 15 sur 21
Statistiques - réponses
Niveaux Types Noms des attaques % Correct
Départ Normal Gigotage
100%
Niveau 28 Acier Mur de Fer
100%
Niveau 32 Insecte Plaie Croix
100%
Départ Insecte Taillade
100%
Niveau 40 Acier Tête de Fer
100%
Niveau 44 Insecte Bourdon
83%
Départ Insecte Dard Mortel
83%
Niveau 48 Normal Giga Impact
83%
Départ Normal Groz'Yeux
83%
Départ Vol Picpic
83%
Départ Combat Prévention
83%
Départ Normal Bélier
67%
Niveau 24 Combat Contre
67%
Départ Normal Damoclès
67%
Niveau 36 Normal Danse Lames
67%
Niveau 52 Acier Fulmifer
67%
Départ Normal Grimace
50%
Niveau 16 Poison Bombe Acide
33%
Niveau 20 Normal Coup d'Boule
33%
Départ Normal Ténacité
33%
Niveau 12 Normal Faux-Chage
0%
Aucun quiz correspondant
Distribution des résultats
% des personnes avec chaque résultat
Percentile par nombre de réponses
Votre historique - résultats
Vous n’avez pas pris ce quiz